000 00610nam a22002537a 4500
003 UA-OsUOA
001 22666
007 ta
008 20031223b un ||||| |||| 00| 0 ukr d
100 _aЮнг Карл-Гюстав
090 _a159.964.26
_bЮ50
942 _cBK
040 _aUA-OsUOA
_brus
_cUA-OsUOA
_dUA-OsUOA
245 _aСимволы трансформации
300 _a496 с.
955 _a0
041 _arus
080 _a159.964.26
020 _a5-93202-005-9
260 _aМосква
_bПента-График
_c2000
044 _aRU
650 7 _2UDC
999 _c308892
_d308892